| 000 | 00675nam a2200181 a 4500 | ||
|---|---|---|---|
| 008 | 100119s2005 ||||||||||||||||| || u | ||
| 020 | _a1856174204 | ||
| 050 | _aTP 159.S4 Sol | ||
| 100 | _aTarleton, Steve | ||
| 245 | 1 | 0 |
_aSolid liquid separation: scale-up of industrail equipment _cRichard Wakeman; Steve Tarleton |
| 260 |
_aOxford: _bElsevier _c2005 |
||
| 300 | _axvi, 454p.: ill. | ||
| 350 | _a0.00 | ||
| 650 | _aENGINEERING | ||
| 650 | _aSEPARATORS (MACHINES) | ||
| 700 | _aWakeman, Richard | ||
| 995 |
_D0.00 _FCBU-MAIN LIBRARY (Kitwe) _H1 _I0.00 _M1 _UAVAILABLE _WMar 10, 2010 _ZMain Library Open Access Collection |
||
| 999 |
_c57878 _d57878 |
||